Teoría Crítica : Matriz e possibilidade de direitos humanos / Fernandes, Patricia, traductora
Guardat en:
| Autor principal: | |
|---|---|
| Format: | Llibre |
| Idioma: | Undetermined |
| Publicat: |
São Paulo, Brasil
Editora Unesp
2014
|
| Matèries: | |
| Etiquetes: |
Afegir etiqueta
Sense etiquetes, Sigues el primer a etiquetar aquest registre!
|
MARC
| LEADER | 00000nam a2200000Ia 4500 | ||
|---|---|---|---|
| 008 | 170316s9999 xx 000 0 und d | ||
| 090 | |a 100 G-4t | ||
| 100 | |a Gallardo, Helio | ||
| 245 | |a Teoría Crítica : Matriz e possibilidade de direitos humanos / Fernandes, Patricia, traductora | ||
| 260 | |a São Paulo, Brasil | ||
| 260 | |b Editora Unesp | ||
| 260 | |c 2014 | ||
| 300 | |a 396 páginas | ||
| 650 | |a FILOSOFÍA | ||
| 650 | |a EN IDIOMA PORTUGUÉS | ||
| 650 | |a DERECHOS HUMANOS | ||
| 650 | |a CAPITALISMO | ||
| 650 | |a DERECHOS HUMANOS - AMÉRICA LATINA | ||
| 650 | |a HISTORIA POLÍTICA | ||
| 650 | |a HISTORIA SOCIAL | ||
| 999 | |c 16341 |d 16341 | ||
| 040 | |a cru BVZT | ||
| 942 | |c 15 D |h 100 G-4t |2 z | ||
